| 000 | 00893cam a2200277 i 4500 | ||
|---|---|---|---|
| 001 | 200453181 | ||
| 999 |
_c200453181 _d71393 |
||
| 003 | TR-AnTOB | ||
| 005 | 20241008154058.0 | ||
| 007 | ta | ||
| 008 | 820819s1981 tu oh 000 0atur d | ||
| 040 |
_aWAU _beng _erda _cWAU _dOCLCG _dB9K _dOCLCQ _dOCLCF _dSULEY _dTR-AnTOB |
||
| 041 | 0 | _atur | |
| 050 | 4 |
_aCT1908.T85 _bD648 1981 |
|
| 090 |
_aCT1908.T85 _bD648 1981 |
||
| 100 | 1 |
_aTuksavul, Muammer _d1900- _eauthor _951361 |
|
| 245 | 1 | 0 |
_aDoğudan Batıya ve sonrası / _cMuammer Tuksavul. |
| 264 | 1 |
_aİstanbul : _b[publisher not identified], _c1981. |
|
| 300 |
_a456 pages : _bphotographs ; _c25 cm |
||
| 336 |
_atext _btxt _2rdacontent |
||
| 337 |
_aunmediated _bn _2rdamedia |
||
| 338 |
_avolume _bnc _2rdacarrier |
||
| 600 | 1 |
_aTuksavul, Muammer _d1900- _951361 |
|
| 651 | 0 |
_aTürkiye _xTarih _y20. yüzyıl _vBiyografi _9102959 |
|
| 942 |
_2lcc _cBK |
||